Desať malých černoškov (Record no. 20862)
[ view plain ]
| 000 -LEADER | |
|---|---|
| fixed length control field | 01695cam a2200445 a 4500 |
| 001 - CONTROL NUMBER | |
| control field | 20862 |
| 003 - CONTROL NUMBER IDENTIFIER | |
| control field | VRT |
| 005 - DATE AND TIME OF LATEST TRANSACTION | |
| control field | 20260206105955.0 |
| 008 - FIXED-LENGTH DATA ELEMENTS--GENERAL INFORMATION | |
| fixed length control field | 240318s1995 xo era 000 f slo |
| 015 ## - NATIONAL BIBLIOGRAPHY NUMBER | |
| National bibliography number | SNBA1996/0902510 |
| 020 ## - INTERNATIONAL STANDARD BOOK NUMBER | |
| International Standard Book Number | 8071182729 |
| 035 ## - SYSTEM CONTROL NUMBER | |
| System control number | SNK000162770 |
| 035 ## - SYSTEM CONTROL NUMBER | |
| System control number | urn:nbn:sk:snk-amkf7x |
| 035 ## - SYSTEM CONTROL NUMBER | |
| System control number | urn:nbn:sk:snk-am003t4b |
| 035 ## - SYSTEM CONTROL NUMBER | |
| System control number | FEEFA1CC-C455-4A86-B781-D4A5D2BB9006 |
| 039 #9 - LEVEL OF BIBLIOGRAPHIC CONTROL AND CODING DETAIL [OBSOLETE] | |
| Level of rules in bibliographic description | 202406021216 |
| Level of effort used to assign nonsubject heading access points | csnk01 |
| Level of effort used to assign subject headings | 202403181732 |
| Level of effort used to assign classification | VLOAD |
| Level of effort used to assign subject headings | 202402261943 |
| Level of effort used to assign classification | VLOAD |
| Level of effort used to assign subject headings | 201602151057 |
| Level of effort used to assign classification | AUTHORITY |
| 040 ## - CATALOGING SOURCE | |
| Original cataloging agency | SNK |
| Language of cataloging | slo |
| Transcribing agency | SNK |
| Description conventions | AACR2 |
| 041 1# - LANGUAGE CODE | |
| Language code of text/sound track or separate title | slo |
| Language code of original | eng |
| 044 ## - COUNTRY OF PUBLISHING/PRODUCING ENTITY CODE | |
| MARC country code | xo |
| ISO country code | SK |
| 080 ## - UNIVERSAL DECIMAL CLASSIFICATION NUMBER | |
| Universal Decimal Classification number | 820-3 |
| Edition identifier | 1981 |
| 100 1# - MAIN ENTRY--PERSONAL NAME | |
| Personal name | Christie, Agatha, |
| Dates associated with a name | 1890-1976 |
| Relationship | aut |
| 240 10 - UNIFORM TITLE | |
| Uniform title | And Then Were None |
| Language of a work | Slovensky |
| 245 10 - TITLE STATEMENT | |
| Title | Desať malých černoškov |
| Statement of responsibility, etc. | Agatha Christie ; z anglického originálu And Then Were None ... preložila Katarína Jusková |
| 260 ## - PUBLICATION, DISTRIBUTION, ETC. | |
| Place of publication, distribution, etc. | Bratislava |
| Name of publisher, distributor, etc. | Ikar |
| Date of publication, distribution, etc. | 1996 |
| 300 ## - PHYSICAL DESCRIPTION | |
| Extent | 157 s. |
| Dimensions | 21 cm |
| 490 1# - SERIES STATEMENT | |
| Series statement | Knižnica klasickej detektívky |
| 655 #7 - INDEX TERM--GENRE/FORM | |
| Genre/form data or focus term | anglické romány |
| Source of term | SNKPH |
| 655 #7 - INDEX TERM--GENRE/FORM | |
| Genre/form data or focus term | detektívne romány |
| Source of term | SNKPH |
| 700 1# - ADDED ENTRY--PERSONAL NAME | |
| Personal name | Jusková, Katarína, |
| Dates associated with a name | 1947- |
| Relationship | trl |
| 830 #0 - SERIES ADDED ENTRY--UNIFORM TITLE | |
| Uniform title | Knižnica klasickej detektívky |
| 911 ## - EQUIVALENCE OR CROSS-REFERENCE-CONFERENCE OR MEETING NAME [LOCAL, CANADA] | |
| Meeting name or jurisdiction name as entry element | KN 1996/09 |
| Number [OBSOLETE] | 02510 |
| 942 ## - ADDED ENTRY ELEMENTS (KOHA) | |
| Source of classification or shelving scheme | Dewey Decimal Classification |
| Koha item type | Krásna literatúra pre dospelých |
| Suppress in OPAC | No |
| 949 ## - LOCAL PROCESSING INFORMATION (OCLC) | |
| 6 | 273K0231524 |
| a | svkpoA 167915 |
| b | svkpo417111 |
| r | Poškodená väzba |
| 949 ## - LOCAL PROCESSING INFORMATION (OCLC) | |
| 6 | 270001000048513 |
| a | svkbbA 91126 |
| b | svkbbm 602284 |
| p | 602.284 |
| 949 ## - LOCAL PROCESSING INFORMATION (OCLC) | |
| 9 | P60, <09>, [BOOK], {629} |
| a | snkC 1267 |
| b | snk2387/960724 |
| 949 ## - LOCAL PROCESSING INFORMATION (OCLC) | |
| 6 | 17A0007111 |
| 9 | P60, <03>, [BOOK], {603} |
| a | snkSC 90881 |
| b | snkKSP 5790/96 |
| s | 6100:20140925 |
| 949 ## - LOCAL PROCESSING INFORMATION (OCLC) | |
| 6 | 17A0007110 |
| 9 | P60, <04>, [BOOK], {604} |
| a | snkSC 90881 D1 |
| b | snkKSP 5791/96 |
| Stav vyradenia | Strata | Poškodenie | Spôsob nadobudnutia | Domovská knižnica | Aktuálna knižnica | Dátum nadobudnutia | Total checkouts | Čiarový kód exemplára | Date last seen | Typ exemplára |
|---|---|---|---|---|---|---|---|---|---|---|
| Dar | Obecná knižnica Horná Štubňa | Obecná knižnica Horná Štubňa | 06.02.2026 | 4736200993 | 06.02.2026 | Krásna literatúra pre dospelých |
